00799cam a22002291 4500001001300000003000400013005001700017008004100034010001700075040004500092043002100137110004000158245006000198260004400258300002300302490003600325650003700361651002200398810007300420810005900493999001700552pa 66000125 DLC20260227111857.0780328s1966 dcu 000 0 eng c apa 66000125  aPan American Union. LibrarycWMaUCSdDLC as------an------2 aInter-American Juridical Committee.10aDifferences between intervention and collective action. aWashington,bPan American Union,c1966. aiii, 31 p.c28 cm.1 aOEA/ser.I/VI.2 (English) CIJ-81 0aIntervention (International law) 0aAmericaxDefenses2 aOrganization of American States.tOfficial records.vOEA/ser.I/VI.2.2 aInter-American Council of Jurists.tCIJ, English,v81. c51596d51596